| 000 | 00536nam a2200229 454500 | ||
|---|---|---|---|
| 001 | 070572 | ||
| 003 | BD-ChCU | ||
| 005 | 20260331095859.0 | ||
| 008 | 260331 Eng | ||
| 020 | _a9789849000464 | ||
| 040 |
_aDLC _cDLC _dBD-ChCU |
||
| 082 | 0 | 0 |
_a512/S524t _222 |
| 100 | 1 |
_aShahidullah, A.M.M. _bBhattacharjee, P.K. |
|
| 245 | 1 | 0 |
_aA text book on higher Algebra _bx |
| 250 | _a4ed | ||
| 260 |
_aDhaka: _bnew Book palace, _c2016 |
||
| 300 | _a616p. | ||
| 504 | _ax | ||
| 650 | 0 |
_aAlgebra _bAlgebra |
|
| 700 | 1 | _ax | |
| 942 |
_2ddc _cBK |
||
| 999 |
_c111944 _d111944 |
||